000
00389nam a2200145Ia 4500
008
230917s9999||||xx |||||||||||||| ||und||
040
_e
176914
_a
MAIN
041
_a
English
082
_a
891.4317109 SV19N
100
_a
त्रिपाठी
245
0
_a
नयी कविता
260
_a
दिल्ली
_b
शिल्पायन
_c
2006
300
_a
120 p.
942
_c
HN
999
_c
144130
_d
144130